<?xml version="1.0" encoding="UTF-8"?>
<collection xmlns="http://www.loc.gov/MARC21/slim">
<record>
  <controlfield tag="001">120401</controlfield>
  <controlfield tag="005">20221220103613.0</controlfield>
  <datafield tag="037" ind1=" " ind2=" ">
    <subfield code="a">TAZ-TFG-2022-4423</subfield>
  </datafield>
  <datafield tag="041" ind1=" " ind2=" ">
    <subfield code="a">spa</subfield>
  </datafield>
  <datafield tag="100" ind1="1" ind2=" ">
    <subfield code="a">Lahoz Felipe, Andrés</subfield>
  </datafield>
  <datafield tag="242" ind1="0" ind2="0">
    <subfield code="a">Company Digitization, SGA and CRM implementation together with the current implemented ERP review and improvement </subfield>
  </datafield>
  <datafield tag="245" ind1="0" ind2="0">
    <subfield code="a">Digitalización de una empresa, implantación de un SGA y un CRM junto con la revisión y mejora del actual ERP implementado</subfield>
  </datafield>
  <datafield tag="260" ind1=" " ind2=" ">
    <subfield code="a">Zaragoza</subfield>
    <subfield code="b">Universidad de Zaragoza</subfield>
    <subfield code="c">2022</subfield>
  </datafield>
  <datafield tag="506" ind1=" " ind2=" ">
    <subfield code="a">by-nc-sa</subfield>
    <subfield code="b">Creative Commons</subfield>
    <subfield code="c">3.0</subfield>
    <subfield code="u">http://creativecommons.org/licenses/by-nc-sa/3.0/</subfield>
  </datafield>
  <datafield tag="520" ind1=" " ind2=" ">
    <subfield code="a">Este proyecto tiene como objetivo principal la actualización y mejora de las funcionalidades de un ERP, la implementación de un SGA y un CRM y otros elementos auxiliares que ayudan en la implementación de los previamente mencionados, como puede ser un BI o una red VPN. &lt;br />El trabajo se ha desarrollado en la empresa DISMAFRIO, especializada en la distribución de material frigorífico y calefacción. El objetivo de la empresa es digitalizar la mayor cantidad de funcionalidades posibles e intentar minimizar el papel utilizado.&lt;br />En esta memoria se exponen las fases realizadas para el desarrollo del proyecto, las funcionalidades que tienen cada uno de los módulos implementados y el estado en el que se encuentra dicho proyecto actualmente. Igualmente, se hace una amplia descripción del funcionamiento, posición y procesos que se desarrollan en la empresa y las necesidades que esta tiene y por lo que se considera necesario introducir estas mejoras.&lt;br />El trabajo de implementación de estos sistemas se ha realizado con la colaboración de los trabajadores de la empresa y empresas externas con experiencia suficiente en el tema y que han sido necesarias para realizar tareas para las cuales se requerían medios no disponibles en la empresa.&lt;br />&lt;br /></subfield>
  </datafield>
  <datafield tag="521" ind1=" " ind2=" ">
    <subfield code="a">Graduado en Ingeniería de Organización Industrial</subfield>
  </datafield>
  <datafield tag="540" ind1=" " ind2=" ">
    <subfield code="a">Derechos regulados por licencia Creative Commons</subfield>
  </datafield>
  <datafield tag="700" ind1=" " ind2=" ">
    <subfield code="a">Esteban Sánchez, Ana Lucía</subfield>
    <subfield code="e">dir.</subfield>
  </datafield>
  <datafield tag="710" ind1="2" ind2=" ">
    <subfield code="a">Universidad de Zaragoza</subfield>
    <subfield code="b"> </subfield>
    <subfield code="c"></subfield>
  </datafield>
  <datafield tag="856" ind1="0" ind2=" ">
    <subfield code="f">698564@unizar.es</subfield>
  </datafield>
  <datafield tag="856" ind1="4" ind2=" ">
    <subfield code="s">10443854</subfield>
    <subfield code="u">http://zaguan.unizar.es/record/120401/files/TAZ-TFG-2022-4423.pdf</subfield>
    <subfield code="y">Memoria (spa)</subfield>
  </datafield>
  <datafield tag="856" ind1="4" ind2=" ">
    <subfield code="s">836030</subfield>
    <subfield code="u">http://zaguan.unizar.es/record/120401/files/TAZ-TFG-2022-4423_ANE.pdf</subfield>
    <subfield code="y">Anexos (spa)</subfield>
  </datafield>
  <datafield tag="909" ind1="C" ind2="O">
    <subfield code="o">oai:zaguan.unizar.es:120401</subfield>
    <subfield code="p">driver</subfield>
    <subfield code="p">trabajos-fin-grado</subfield>
  </datafield>
  <datafield tag="950" ind1=" " ind2=" ">
    <subfield code="a"></subfield>
  </datafield>
  <datafield tag="980" ind1=" " ind2=" ">
    <subfield code="a">TAZ</subfield>
    <subfield code="b">TFG</subfield>
    <subfield code="c">ALM</subfield>
  </datafield>
  <datafield tag="999" ind1=" " ind2=" ">
    <subfield code="a">20221122195944.CREATION_DATE</subfield>
  </datafield>
  <datafield tag="951" ind1=" " ind2=" ">
    <subfield code="a">deposita:2022-12-20</subfield>
  </datafield>
</record>
</collection>